Statistics for Religion in Kazakhstan

Click here to take the quiz!

General Stats

  • This quiz has been taken 45 times
  • The average score is 4 of 4

Answer Stats

PercentReligion% Correct
23.1%Christianity
100%
72%Islam
100%
0.9%Other
91%
4%Irreligion
60%

Score Distribution

Percentile by Number Answered

Percent of People with Each Score

Your Score History

You have not taken this quiz